<?xml version="1.0" encoding="UTF-8"?>
<collection xmlns="http://www.loc.gov/MARC21/slim">
  <record>
    <leader>00000nam  2200000   4500</leader>
    <controlfield tag="001">INLIS000000000015780</controlfield>
    <controlfield tag="005">20230905032833</controlfield>
    <datafield tag="035" ind1="#" ind2="#">
      <subfield code="a">0010-0923000021</subfield>
    </datafield>
    <controlfield tag="007">ta</controlfield>
    <controlfield tag="008">230905################|##########|#|##</controlfield>
    <datafield tag="084" ind1="#" ind2="#">
      <subfield code="a">R 069 PIM II 2022</subfield>
    </datafield>
    <datafield tag="100" ind1=" " ind2="#">
      <subfield code="a">Said Nafik</subfield>
    </datafield>
    <datafield tag="245" ind1="1" ind2="#">
      <subfield code="a">Pemberdayaan Pemangku Kepentingan Dalam Percepatan Proses Pemeriksaan Paten /</subfield>
      <subfield code="c">Said Nafik</subfield>
    </datafield>
    <datafield tag="260" ind1="#" ind2="#">
      <subfield code="a">Jakarta :</subfield>
      <subfield code="b">Pusbangkom Pimnas dan Manajerial ASN,</subfield>
      <subfield code="c">2022</subfield>
    </datafield>
    <datafield tag="300" ind1="#" ind2="#">
      <subfield code="a">108 halaman :</subfield>
      <subfield code="b">Ilus ;</subfield>
      <subfield code="c">30 cm</subfield>
    </datafield>
    <datafield tag="250" ind1="#" ind2="#">
      <subfield code="a">1</subfield>
    </datafield>
    <datafield tag="650" ind1="#" ind2="4">
      <subfield code="a">hukum hak paten</subfield>
    </datafield>
    <datafield tag="520" ind1="#" ind2="#">
      <subfield code="a">Setiap permohonan paten yang mengajukan permohonan pemeriksaan substantif harus segera diperiksa. Pemeriksaan dilakukan berdasarkan spesifikasi permohonan paten yang telah dimasukkan dengan membandingkan terhadap dokumen pembanding pada bidang teknik yang sama. Spesifikasi permohonan paten mencakup deskripsi paten yang didalamnya meliputi Judul, Bidang Teknik Invensi, Latar Belakang Invensi, Uraian Ringkas Invensi, Uraian Singkat Gambar, dan Uraian Lengkap Invensi.</subfield>
    </datafield>
    <datafield tag="990" ind1="#" ind2="#">
      <subfield code="a">069</subfield>
    </datafield>
  </record>
</collection>
